000 01343nam a2200337 i 4500
001 768714001
003 CO-MdFUSB
005 20230324143537.0
007 ta
008 150403t2015 -us b |||1 ||eng
020 _a9780310282983
040 _aDLC
_beng
_erda
_cCO-MdFUSB
_dBTCTA
_dBDX
_dOCLCF
_dFPD
041 _aeng
_hheb
082 _223
_a222.3507
_bB651e
100 1 _aBlock, Daniel I.,
_eautor
245 1 0 _aRuth :
_ba discourse analysis of the hebrew Bible
_c/ Daniel I. Block
264 1 _aGrand Rapids :
_bZondervan,
_c[2015]
264 4 _c© 2015
300 _a291 páginas ;
_c24 cm
336 _2rdacontent.
_atexto
_btxt
337 _2rdamedia.
_asin mediación
_bn
338 _2rdacarrier.
_avolumen
_bnc
490 0 _aZondervan Exegetical Commentary on the Old Testament.
504 _aIncluye referencias bibliográficas e índice.
505 _aIntroducción a la serie -- Prefacio del autor y agradecimientos -- Abreviaturas -- Seleccionar bibliografía -- Traducción de Rut -- Introducción a Rut -- Comentario sobre Rut -- Apéndice: Una lectura dramática del Libro de Rut -- Índice de las Escrituras -- Índice de materias -- índice de autor.
563 _aDura
630 0 7 _aBiblia.
_pRut
_xCrítica, interpretación, etc.
942 _cREF
945 _aMag1104
999 _c68591
_d68591